Glossary of soil science terms (Record no. 22520)
[ view plain ]
| 000 -LEADER | |
|---|---|
| fixed length control field | 00299nam a2200109Ia 4500 |
| 082 ## - DEWEY DECIMAL CLASSIFICATION NUMBER | |
| Classification number | 631.4(038) |
| Item number | SOI |
| 245 #0 - TITLE STATEMENT | |
| Title | Glossary of soil science terms |
| 260 ## - PUBLICATION, DISTRIBUTION, ETC. (IMPRINT) | |
| Place of publication | USA |
| Name of publisher | Soil science soc of America |
| Year of publication | 1973 |
| 650 ## - SUBJECT ADDED ENTRY--TOPICAL TERM | |
| Topical Term | Soil science glossary |
| 942 ## - ADDED ENTRY ELEMENTS (KOHA) | |
| Koha item type | Books |
| Withdrawn status | Lost status | Damaged status | Not for loan | Home library | Current library | Date acquired | Full call number | Accession Number | Koha item type |
|---|---|---|---|---|---|---|---|---|---|
| RRII Library | RRII Library | 16/12/2021 | 631.4(038) SOI | 03240 | Books |